00733nam a22001817a 4500003000200000005001700002008004100019050002300060100003200083245015000115260007300265300003000338504005200368650002300420650004100443650002500484650004200509020250109154432.0250109b xxu||||| |||| 00| 0 eng d aRC 489b.Es88 2024 aEstanislao, Andre Peter C.  aEffects of mindfulness-based stress reduction therapy program on the stress and anxiety levels of construction workerscAndre Peter C. Estanislao aLas Piñas CitybSouthville International School and Collegesc2024 axiii, 926 pages ;c29cm.  aIncludes bibliographical references and index.  aStress management. aMindfulness-based cognitive therapy. aAnxiety—Treatment. aConstruction workers—Mental health.